| 000 | 00935nam a2200289 i 4500 | ||
|---|---|---|---|
| 001 | bgj | ||
| 100 | 1 | _aTOMALIN, Barry. | |
| 245 | 1 | 0 |
_aCultural awareness / _cBarry Tomalin & Susan Stempleski. |
| 250 | _a[2nd impr.]. | ||
| 260 |
_aOxford : _bOxford University Press, _c1994. |
||
| 300 |
_a160 pp : _bphot. ; _c25 cm. |
||
| 490 | 1 | _aResource books for teachers / [ed. by] Alan Maley | |
| 500 | _a1st publ. 1993. | ||
| 504 | _aBibliography pp 152-154. | ||
| 505 | _aIncludes index. | ||
| 650 | 9 |
_aEnglish language _xStudy and teaching _xForeign speakers |
|
| 650 | 9 |
_aEnglish language _xsocial aspects _xStudy and teaching |
|
| 650 | 9 | _aLanguages and culture | |
| 700 | 1 | _aSTEMPLESKI, Susan. | |
| 830 | 0 | _aResource books for teachers ([ed. by] Alan Maley) | |
| 020 | _a0194371948 (pbk) | ||
| 040 | _cBPK | ||
| 041 | 0 | _aeng | |
| 920 | _a0-19-437194-8 (pbk) | ||
| 942 | _cKS | ||
| 008 | s uk f |000 0 eng | ||
| 999 |
_c48185 _d48185 |
||
| 856 |
_uhttp://koha.tu.koszalin.pl/cgi-bin/koha/opac-detail.pl?biblionumber=48185 _yKatalog online BPK |
||